000 00488nam a2200205Ia 4500
003 0100
008 130307s9999 xx 000 0 und d
040 _cARRUPELIB
050 _aLB880.D5615 1972
245 _aPhilosophy of education and the curriculum
260 _aOxford
260 _bPergamon Press
260 _c1972
300 _a205p.
300 _b22cm
650 _bAnxiety in children
650 _cPhobias in children
700 _aDixon, Keith (ed.)
942 0 0 _01
999 _c102096
_d102096